| 000 | 00937nam a22003017a 4500 | ||
|---|---|---|---|
| 003 | CHAP | ||
| 005 | 20220329143148.0 | ||
| 008 | 060912d1994 mx r 00110 spa d | ||
| 010 | _a92718 | ||
| 011 | _a93690 | ||
| 020 | _a9688780073 | ||
| 035 | _a104270 | ||
| 040 | _cCHAP | ||
| 082 | 0 | 4 |
_a574.5 _bM61 |
| 100 | 1 |
_aMorales Soto, Manuel. _978420 |
|
| 245 | 1 | 0 |
_aEcología : _b(bases y aplicaciones a las poblaciones) _c/por Manuel Morales Soto |
| 260 |
_aCuernavaca, Mor. : _bUniversidad Autónoma del Estado de Morelos, _c1994. |
||
| 300 | _a129 p. | ||
| 590 |
_aBATCH-UPD _b10 _c20130110 _lUCH01 _h1804 |
||
| 590 |
_aBATCH-UPD _b10 _c20130410 _lUCH01 _h1140 |
||
| 590 |
_aBATCH-UPD _b10 _c20130914 _lUCH01 _h1229 |
||
| 590 |
_aCONVERSION _b10 _c20130109 _lUCH01 _h1351 |
||
| 650 | 0 | 4 |
_aEcología. _935134 |
| 901 | _aBK | ||
| 905 | _aLilia | ||
| 942 | _cLIBRO | ||
| 949 |
_a574.5 M61 _bBC _cLIBRO _d33724002207298 _eLIBRO _h108218 _i104270 _so |
||
| 999 |
_c92718 _d92718 |
||